Central Library OPAC University of Rajshahi

Essays on Islám / (Record no. 24121)

MARC details
000 -LEADER
fixed length control field 00931nam a2200229 a 4500
001 - CONTROL NUMBER
control field 24121
003 - CONTROL NUMBER IDENTIFIER
rucl marc code BD-RjUL
005 - DATE AND TIME OF LATEST TRANSACTION
control field 20211209001019.0
008 - FIXED-LENGTH DATA ELEMENTS--GENERAL INFORMATION
fixed length control field 181001s1901 ii 000 0 eng u
035 ## - SYSTEM CONTROL NUMBER
System control number (BD-RjUL)24187
040 ## - CATALOGING SOURCE
Original cataloging agency BD-RjUL
Language of cataloging eng
Transcribing agency BD-RjUL
041 ## - LANGUAGE CODE
Language code of text/sound track or separate title eng
082 ## - DEWEY DECIMAL CLASSIFICATION NUMBER
Edition number 23
Classification number 297
Author mark and year SEE 1901
100 1# - MAIN ENTRY--PERSONAL NAME
Personal name Sell, Edward,
Dates associated with a name 1839-1932.
9 (RLIN) 223133
245 10 - TITLE STATEMENT
Title Essays on Islám /
Statement of responsibility, etc. by the Rev. E. Sell.
260 ## - PUBLICATION, DISTRIBUTION, ETC. (IMPRINT)
Place of publication, distribution, etc. Madras :
Name of publisher, distributor, etc. S.P.C.K. depôt ;
Place of publication, distribution, etc. London :
Name of publisher, distributor, etc. Simpkin, Marshall, Hamilton, Kent & co.,
Date of publication, distribution, etc. 1901.
300 ## - PHYSICAL DESCRIPTION
Pagination 267 p. ;
Size 25 cm.
500 ## - GENERAL NOTE
General note "Originally appeared in the Madras Christian college magazine."--Pref.
505 0# - FORMATTED CONTENTS NOTE
Formatted contents note The mystics of Islám.--The Báb and the Bábís.--The religious orders of Islám.--The Khalif Hákim and the Druses.--The status of the Zimmis.--Islám in China.--The recensions of the Qurán.--The Hanífs.--Appendix [The Qáris]
650 #0 - SUBJECT ADDED ENTRY--TOPICAL TERM
Topical term or geographic name as entry element Islam.
9 (RLIN) 223134
942 ## - ADDED ENTRY ELEMENTS (KOHA)
Source of classification or shelving scheme Dewey Decimal Classification
Koha item type Rare Books
Holdings
Lost status Source of classification or shelving scheme Damaged status Not for loan Collection code Permanent Location Current Location Shelving location Date acquired Total Checkouts Full call number Date last seen Copy number Koha item type
  Dewey Decimal Classification   Not For Loan Rare Books Central Library, University of Rajshahi Central Library, University of Rajshahi Rare Book Section 01/10/2018   RA 297 SEE 1901 01/10/2018 C-1 Rare Books